|
|
|
|
| LEADER |
01142nam a2200253 i 4500 |
| 001 |
10119111 |
| 003 |
GR-PaULI |
| 005 |
20210117211051.0 |
| 008 |
200406s2019 gr g d gre d |
| 952 |
|
|
|0 0
|1 0
|2 ddc
|4 0
|6 889_280000000000000_ΔΗΜ
|7 0
|9 240153
|a THST
|b THST
|d 2020-04-06
|i 015258
|l 0
|o 889.28 ΔΗΜ
|p 025000267215
|r 2020-04-06 00:00:00
|t 1
|v 2020.00
|w 2020-04-06
|y BK15
|
| 999 |
|
|
|c 145001
|d 145001
|
| 020 |
|
|
|a 9789606370175
|
| 040 |
|
|
|a GR-PaULI
|c gre
|b GR-PaULI
|e AACR2
|
| 082 |
0 |
4 |
|2 23
|a 889.28
|
| 100 |
1 |
|
|a Δήμου, Άκης
|d 1964-
|9 102576
|e συγγραφέας
|
| 245 |
1 |
0 |
|a Νίατα /
|c Άκης Δήμου.
|
| 260 |
|
|
|a Αθήνα :
|b Σοκόλη,
|c 2019.
|
| 300 |
|
|
|a 221 σ. ;
|c 19 εκ.
|
| 505 |
0 |
|
|a Η Σαμάνθα και ο Μαξ στο βυθό της ασφάλτου -- Τα λουλούδια στην κυρία -- Μου θυμίζεις φιλιά -- Ντέστινυ.
|
| 650 |
|
4 |
|a Ελληνικά θεατρικά έργα
|y 21ος αιώνας
|9 102577
|
| 760 |
0 |
|
|a Ελληνικό θέατρο
|
| 830 |
|
0 |
|9 158052
|a Ελληνικό θέατρο (Σοκόλη)
|
| 942 |
|
|
|2 ddc
|c BK15
|
| 998 |
|
|
|c ΜΑΝΙΑ
|d 2020-04
|